Responses for show #7460 - Friday, February 3, 2017

Lisa Schlitt game 6.

Contestants

Marion Montgomery, a library assistant from Huntsville, Alabama

Tyler Johnson, a political science professor from Oklahoma City, Oklahoma

Lisa Schlitt, a microbiologist from Berwyn, Pennsylvania (whose 5-day cash winnings total $112,300)

Jeopardy! Round responses

THE JEOPARDY! SORTING HAT
AMERICAN HISTORY
NUMERICAL PHRASES
(Alex: We'll give you the shows, you give us the city in which they were mainly set in the category...)
TELEVISION CITY
Q PEOPLE
THE END OF THE STORY
    $200 1
(Marion: What is the Supreme Court?)

the judicial branch

TylerMarion
    $200 11
the Louisiana Purchase

Lisa
    $200 16
the 12th man

Tyler
    $200 2
Boston

Lisa
    $200 21
(Marion: Who is Quiznos?)

Vidkun Quisling

Marion
Triple Stumper
    $200 26
The Scarlet Letter

Lisa
    $400 7
Prime

Marion
    $400 12
the Chicago fire

Tyler
    $400 17
a 10-foot pole

Lisa
    $400 3
Albuquerque

Tyler
    $400 23
(Alex: Dan Quayle.)

1988

Tyler
    $400 27
Gone Girl

Lisa
    $600 8
the $100

Lisa
    $600 13
Spain

Marion
    $600 18
the Final Five

Tyler
    $600 4
Seattle

Lisa
    $600 22
the miniskirt

Triple Stumper
    $600 28
Lolita

Lisa
    $800 9
punter

Tyler
    $1,600 14
don't tread on me

Marion
    $800 19
forty acres and a mule

Tyler
    $800 5
Philadelphia

Marion
    $800 24
(Alex: With less than a minute to go now.)

Long Day's Journey Into Night

Tyler
    $800 29
[The end-of-round signal sounds.]

The Goldfinch

Lisa
    $1000 10
bee hummingbirds

Triple Stumper
    $1000 15
the Whiskey Rebellion

Lisa
    $1000 20
a four in hand

Tyler
    $1000 6
Miami

Lisa
    $1000 25
rhetoric

Marion

Scores at the first commercial break (after clue 14):

Lisa Tyler Marion
$2,600 $1,800 $3,200

Scores at the end of the Jeopardy! Round:

Lisa Tyler Marion
$6,000 $5,600 $4,000

Double Jeopardy! Round responses

THE TITLE OF THE MOVIE ESCAPES ME
SCIENTIFIC MILESTONES
THE NEXT U.N. MEMBER, ALPHABETICALLY
20th CENTURY ART & ARTISTS
SILENT N
THE OCCIDENT EXPRESS
    $400 6
the Planet of the Apes

Tyler
    $400 1
DNA

Lisa
    $400 17
Japan

Tyler
    $400 16
mix

Tyler
    $400 11
autumn

Lisa
    $400 22
Mexico

Marion
    $800 7
The Great Escape

Tyler
    $800 2
(Marion: What is energy?)
(Tyler: What is gas?)

mass

TylerMarion
Triple Stumper
    $800 18
Belgium

Tyler
    $800 27
Canada

Triple Stumper
    $800 12
condemn

Lisa
    $800 23
Florida

Tyler
    $1200 8
Madagascar

Tyler
    $1,400 3
radioactivity

Lisa
    $2,400 19
Finland

Tyler
    $1200 28
Georgia O'Keeffe

Lisa
    $1200 13
a column

Lisa
    $1200 24
London

Tyler
    $1600 9
(Marion: Who are Kenan and Kel?)

Harold and Kumar

TylerMarion
    $1600 4
(Lisa: What is Proxima Centauri?)

Alpha Centauri

Lisa
Triple Stumper
    $1600 20
Egypt

Triple Stumper
    $1600 29
[The end-of-round signal sounds.]

a surrealist

Triple Stumper
    $1600 14
solemn

Lisa
    $1600 25
(Alex: With less than a minute.)

St. Moritz

Tyler
    $2000 10
Escape from Alcatraz

Tyler
    $2000 5
Heisenberg

Marion
    $2000 21
Kyrgyzstan

Lisa
    $2000 15
limn

Triple Stumper
    $2000 26
Rock Island Line

Triple Stumper

Scores at the end of the Double Jeopardy! Round:

Lisa Tyler Marion
$13,400 $18,400 $4,000

[wagering suggestions for these scores]

Final Jeopardy! Round responses

CONTEMPORARY AUTHORS
MarionWho is Le Carre
$3,900
LisaWho is John Le Carré?
$13,400
TylerWho is Rushdie
$8,401
John le Carré

Final scores:

Lisa Tyler Marion
$26,800 $9,999 $7,900
6-day champion: $139,100 2nd place: $2,000 3rd place: $1,000

Game dynamics:

Coryat scores:

Lisa Tyler Marion
$13,200 $17,200 $3,200
19 R
(including 1 DD),
1 W
22 R
(including 1 DD),
1 W
7 R
(including 1 DD),
4 W

Combined Coryat: $33,600

The J! Archive is created by fans, for fans. The Jeopardy! game show and all elements thereof, including but not limited to copyright and trademark thereto, are the property of Jeopardy Productions, Inc. and are protected under law. This website is not affiliated with, sponsored by, or operated by Jeopardy Productions, Inc. Join the discussion at JBoard.tv.